Taṭawwur al-fikr al-tarbawī (Record no. 49624)

MARC details
000 -LEADER
fixed length control field 00678cam a22002411 4500
001 - CONTROL NUMBER
control field ne 67001009
003 - CONTROL NUMBER IDENTIFIER
control field DLC
005 - DATE AND TIME OF LATEST TRANSACTION
control field 20260227111832.0
008 - FIXED-LENGTH DATA ELEMENTS--GENERAL INFORMATION
fixed length control field 900612s1966 ua b 000 0 arar
010 ## - LIBRARY OF CONGRESS CONTROL NUMBER
LC control number ne 67001009
025 ## - OVERSEAS ACQUISITION NUMBER
Overseas acquisition number PL480:UAR-7983
035 ## - SYSTEM CONTROL NUMBER
System control number (OCoLC)21794897
040 ## - CATALOGING SOURCE
Original cataloging agency DLC
Transcribing agency WaU
Modifying agency DLC
042 ## - AUTHENTICATION CODE
Authentication code premarc
043 ## - GEOGRAPHIC AREA CODE
Geographic area code ma-----
050 00 - LIBRARY OF CONGRESS CALL NUMBER
Classification number LA1101
Item number .A6
100 1# - MAIN ENTRY--PERSONAL NAME
Personal name Aḥmad, Saʻd Mursī.
245 10 - TITLE STATEMENT
Title Taṭawwur al-fikr al-tarbawī
Statement of responsibility, etc. [taʼlīf] Saʼd Mursī Aḥmad.
260 ## - PUBLICATION, DISTRIBUTION, ETC.
Place of publication, distribution, etc. al-Qāhirah,
Name of publisher, distributor, etc. ʻĀlam al-Kutub
Date of publication, distribution, etc. [1966]
300 ## - PHYSICAL DESCRIPTION
Extent 614 p.
Dimensions 24 cm.
504 ## - BIBLIOGRAPHY, ETC. NOTE
Bibliography, etc. note Bibliography: p. [603]-614.
650 #0 - SUBJECT ADDED ENTRY--TOPICAL TERM
Topical term or geographic name entry element Education
Geographic subdivision Arab countries
General subdivision History.

No items available.

Powered by Koha